Hospodársky výsledok v účtovníctve podnikateľov na Slovensku a v medzinárodných účtovných štandardoch

Hospodársky výsledok ako významný ekonomický faktor a predmet účtovníctva. Teoretické východiská zisťovania hospodárskeho výsledku. Hospodársky výsledok podľa medzinárodných účtovných štandardov (IAS 8) a slovenskej účtovnej legislatívy. Princípy objektivizácie hospodárskeho výsledku. Determinanty t...

Full description

Saved in:
Bibliographic Details
Main Author: Baštincová, Anna
Other Authors: Kareš, Ladislav
Format: Book Chapter
Language:Slovak
Subjects:
Tags: Add Tag
No Tags, Be the first to tag this record!

MARC

LEADER 00000naa a2200000 4500
001 r048167
005 20240502071342.5
041 0 |a slo 
044 |a SK 
245 1 0 |a Hospodársky výsledok v účtovníctve podnikateľov na Slovensku a v medzinárodných účtovných štandardoch  |c Anna Baštincová, Ladislav Kareš 
520 |a Hospodársky výsledok ako významný ekonomický faktor a predmet účtovníctva. Teoretické východiská zisťovania hospodárskeho výsledku. Hospodársky výsledok podľa medzinárodných účtovných štandardov (IAS 8) a slovenskej účtovnej legislatívy. Princípy objektivizácie hospodárskeho výsledku. Determinanty tvorby hospodárskeho výsledku a ich vzájomný vzťah (výnosy, náklady). Prezentácia hospodárskeho výsledku. 
610 2 0 |a výsledok hospodársky 
610 2 0 |a účtovníctvo 
610 2 0 |a podnikatelia 
610 2 0 |a IAS 
610 2 0 |a štandardy účtovné medzinárodné 
610 2 0 |a účtovníctvo medzinárodné 
610 2 0 |a legislatíva 
610 2 0 |a Slovensko 
100 1 |a Baštincová, Anna 
700 1 |a Kareš, Ladislav